000 00250nam a22001217a 4500
008 181219b xxu||||| |||| 00| 0 eng d
041 _aeng
080 _a710
100 _a43
101 _aArt
245 _aHome of Art
_cLetitia.b
942 _2udc
_cBK
999 _c53483
_d53483